MARC details
| 000 -LÍDER |
| campo de controle de tamanho fixo |
01361nam a2200313 4500 |
| 001 - NÚMERO DE CONTROLE |
| campo de controle |
247 |
| 003 - IDENTIFICADOR DO NÚMERO DE CONTROLE |
| campo de controle |
OSt |
| 005 - DATA E HORÁRIO DA ÚLTIMA TRANSAÇÃO |
| campo de controle |
20250528074016.0 |
| 008 - CAMPO DE DADOS FIXOS--INFORMAÇÃO GERAL |
| campo de controle de tamanho fixo |
250210b |||||||g |||| 00| 1 eng d |
| 020 ## - ISBN - INTERNATIONAL STANDARD BOOK NUMBER |
| ISBN - International Standard Book Number |
978858165415 |
| 040 ## - FONTE DA CATALOGAÇÃO |
| Idioma da catalogação |
por |
| 041 ## - CÓDIGO DE IDIOMA |
| Código do idioma do original e/ou traduções intermediárias do texto |
eng |
| Código do idioma do texto/trilha sonora ou título diferente |
por |
| 082 ## - CDD - CLASSIFICAÇÃO DECIMAL DE DEWEY |
| Número de Classificação |
813 |
| Número do exemplar |
F724s |
| 100 1# - ENTRADA PRINCIPAL--NOME PESSOAL |
| Nome pessoal |
Forman, Gayle. |
| Datas associadas ao nome |
1970- |
| 9 (RLIN) |
454 |
| 240 ## - TÍTULO UNIFORME |
| Título uniforme |
If I stay |
| 245 ## - TÍTULO |
| Título |
Se eu ficar / |
| Indicação de responsabilidade, etc. |
Forman, Gayle ; Tradução de Amanda Moura |
| 260 ## - PUBLICAÇÃO, DISTRIBUIÇÃO, ETC. |
| Local de publicação, distribuição, etc. |
Ribeirão Preto |
| Nome do editor, distribuidor, etc. |
Novo Conceito |
| Data da publicação, distribuição, etc. |
2014 |
| 300 ## - DESCRIÇÃO FÍSICA |
| Extensão |
224 p. |
| 520 ## - NOTA DE RESUMO, ETC. |
| Resumo, etc. |
A última coisa de que Mia se lembra é a música. Depois do acidente, ela ainda consegue ouvir a música. Ela vê o seu corpo sendo tirado dos destroços do carro de seus pais mas não sente nada. Tudo o que ela pode fazer é assistir ao esforço dos médicos para salvar sua vida, enquanto seus amigos e parentes aguardam na sala de espera... E o seu amor luta para ficar perto dela. Pelas próximas 24 horas, Mia precisa compreender o que aconteceu antes do acidente e também o que aconteceu depois. Ela sabe que precisa fazer a escolha mais difícil de todas. |
| 650 #0 - ASSUNTO--TERMO TÓPICO |
| Cabeçalho tópico ou nome geográfico |
Literatura Americana |
| 9 (RLIN) |
84 |
| 650 #0 - ASSUNTO--TERMO TÓPICO |
| Cabeçalho tópico ou nome geográfico |
Grandes Amizades |
| 9 (RLIN) |
28 |
| 650 #0 - ASSUNTO--TERMO TÓPICO |
| Cabeçalho tópico ou nome geográfico |
Saúde Mental |
| 9 (RLIN) |
308 |
| 650 #0 - ASSUNTO--TERMO TÓPICO |
| Cabeçalho tópico ou nome geográfico |
Drama |
| 9 (RLIN) |
18 |
| 650 #0 - ASSUNTO--TERMO TÓPICO |
| Cabeçalho tópico ou nome geográfico |
Filme |
| 9 (RLIN) |
26 |
| 655 #0 - TERMO DE ÍNDICE--GÊNERO E FORMA |
| Gênero/forma/ou termo foco |
Romance |
| 655 #0 - TERMO DE ÍNDICE--GÊNERO E FORMA |
| Gênero/forma/ou termo foco |
Ficção |
| 700 ## - ENTRADA ADICIONADA - NOME PESSOAL |
| Nome pessoal |
Amanda Moura |
| Função do autor por extenso |
Tradutor |
| 9 (RLIN) |
455 |
| 942 ## - ELEMENTOS DE ENTRADA ADICIONADOS (KOHA) |
| Fonte de classificação ou esquema de arquivamento |
Classificação decimal de Dewey |
| Ocultar no OPAC |
Não |
| Tipo de material Koha |
Livros |